Iconología: imagen, texto, ideología

Պահպանված է:
Մատենագիտական մանրամասներ
Հիմնական հեղինակ: Mitchell, William John Thomas (autor)
Ձևաչափ: Գիրք
Լեզու:իսպաներեն
Հրապարակվել է: Buenos Aires Capital Intelectual 2016
Հրատարակություն:1a. ed
Խորագրեր:
Ցուցիչներ: Ավելացրեք ցուցիչ
Չկան պիտակներ, Եղեք առաջինը, ով նշում է այս գրառումը!

MARC

LEADER 00000cam a2200000 a 4500
001 UCD5430
003 CL-VaPUC
008 160908e20160000ag |||||||||||||||||spa|d
020 |a 9789876145091 
082 0 4 |a 700.1  |b MIT  |2 21 
100 |a Mitchell, William John Thomas  |e autor  |9 595015 
245 1 0 |a Iconología: imagen, texto, ideología 
250 |a 1a. ed 
300 |a 285 p 
942 |c BK 
945 |d 20160908 17:07:00  |a dcastane 
260 |a Buenos Aires  |b Capital Intelectual  |c 2016 
650 0 |a Estética   |9 264950 
650 0 |a Arte moderno  |9 265333 
650 0 |a Posmodernismo   |9 330532 
650 7 |a ICONOLOGIA  |2 CL-VaPUC  |9 265399 
583 |a last modification  |c 20160908 17:07:00  |k Rodrigo Vera 
999 |c 366092  |d 366090 
952 |0 0  |1 0  |3 erb  |4 0  |6 700_100000000000000_MIT_2016  |7 0  |8 A  |9 480120  |a BIBART  |b BIBART  |i 5340268  |l 1  |o 700.1 MIT 2016  |p 5340268  |r 2025-03-13  |s 2023-11-30  |w 2019-11-24  |y BK  |z Catalogado en:20160908  |k ART